[Event "Campeonato de Andalucia Juvenil"]
[Site "Hotel Bellavista, Paseo Centra"]
[Date "2011.04.17"]
[Round "3"]
[White "Nieto Asencio, Maria Del Carmen"]
[Black "Fernandez Garcia, Jose Miguel"]
[Result "1/2-1/2"]
[WhiteElo "2011"]
[BlackElo "2280"]
[PlyCount "85"]
[EventDate "2011.04.16"]
[EventRounds "8"]
[EventCountry "ESP"]

1. d4 Nf6 2. Nf3 d6 3. Nc3 Nbd7 4. e4 e5 5. Bc4 Be7 6. O-O O-O 7. h3 c6 8. a4
b6 9. Re1 a6 10. d5 Bb7 11. dxc6 Bxc6 12. Nd5 Nc5 13. Nxf6+ Bxf6 14. Bd5 Qd7
15. b3 Qb7 16. Bxc6 Qxc6 17. Qe2 Rfe8 18. Bb2 Ne6 19. g3 b5 20. axb5 axb5 21.
b4 Rxa1 22. Rxa1 Nd4 23. Nxd4 exd4 24. Re1 d5 25. Qd2 dxe4 26. Bxd4 Rd8 27. c3
h6 28. Qe3 Bxd4 29. cxd4 Qd6 30. Qxe4 Qxb4 31. Rb1 Qc4 32. Qb7 Rd5 33. Qb8+ Kh7
34. Qe8 Rxd4 35. Qxb5 Rd1+ 36. Kh2 Qc2 37. Rxd1 Qxf2+ 38. Kh1 Qf3+ 39. Kh2 Qf2+
40. Kh1 Qf3+ 41. Kh2 Qxd1 42. Qf5+ Kg8 43. Qc8+ 1/2-1/2

[Event "Campeonato de Andalucia Juvenil"]
[Site "Hotel Bellavista, Paseo Centra"]
[Date "2011.04.17"]
[Round "3"]
[White "Ladron De Guevara Pinto, Paolo"]
[Black "Anaya Lopez, Gonzalo Javier"]
[Result "1/2-1/2"]
[WhiteElo "2280"]
[BlackElo "1988"]
[PlyCount "61"]
[EventDate "2011.04.16"]
[EventRounds "8"]
[EventCountry "ESP"]

1. e4 e6 2. d4 d5 3. Nd2 Nc6 4. Ngf3 Nf6 5. e5 Nd7 6. Nb3 f6 7. exf6 Qxf6 8.
Bd3 Bd6 9. Bg5 Qf7 10. c3 e5 11. dxe5 Ndxe5 12. Be2 O-O 13. O-O Be6 14. Nfd4
Nxd4 15. Nxd4 Ng6 16. Bf3 c6 17. Bh5 Qd7 18. Bxg6 hxg6 19. Nxe6 Qxe6 20. Bh4
Rae8 21. Re1 Qxe1+ 22. Qxe1 Rxe1+ 23. Rxe1 Kf7 24. Re3 Re8 25. Rf3+ Ke6 26. h3
Rf8 27. Re3+ Kd7 28. Kf1 Bc5 29. Rd3 a5 30. Rd2 b5 31. Rd3 1/2-1/2

[Event "Campeonato de Andalucia Juvenil"]
[Site "Hotel Bellavista, Paseo Centra"]
[Date "2011.04.17"]
[Round "3"]
[White "Rioboo De Larriva, Alvaro"]
[Black "Valhondo Morales, Ruben"]
[Result "1/2-1/2"]
[WhiteElo "2210"]
[BlackElo "1963"]
[PlyCount "63"]
[EventDate "2011.04.16"]
[EventRounds "8"]
[EventCountry "ESP"]

1. c4 e5 2. Nc3 Nf6 3. g3 d5 4. cxd5 Nxd5 5. Bg2 Nb6 6. d3 Nc6 7. Bxc6+ bxc6 8.
Nf3 Bd6 9. b3 O-O 10. Bb2 Qe7 11. Qc2 Bd7 12. O-O-O Rfe8 13. Nd2 a5 14. Nc4 Nd5
15. Na4 Nb4 16. Qb1 Bf5 17. a3 Na6 18. Nxa5 Bxa3 19. Nxc6 Bxb2+ 20. Qxb2 Qd6
21. Na5 Nc5 22. Nc4 Qc6 23. Nxc5 Qxc5 24. b4 Qb5 25. Kd2 Ra4 26. Rb1 e4 27.
Rhe1 exd3 28. exd3 Rd8 29. Re3 h6 30. Qc3 c5 31. Na3 Qc6 32. bxc5 1/2-1/2

[Event "Campeonato de Andalucia Juvenil"]
[Site "Hotel Bellavista, Paseo Centra"]
[Date "2011.04.17"]
[Round "3"]
[White "Moral Garcia, Serafin"]
[Black "Perez Guerra, Alberto"]
[Result "1-0"]
[WhiteElo "2169"]
[BlackElo "1827"]
[PlyCount "117"]
[EventDate "2011.04.16"]
[EventRounds "8"]
[EventCountry "ESP"]

1. e4 e6 2. d4 d5 3. Nd2 Nf6 4. e5 Nfd7 5. c3 c5 6. Bd3 Nc6 7. Ne2 cxd4 8. cxd4
f6 9. exf6 Nxf6 10. Nf3 Bd6 11. O-O O-O 12. Bf4 Nh5 13. Bxd6 Qxd6 14. Qd2 a6
15. Qe3 Nf4 16. Rad1 Bd7 17. Ne5 Nxd3 18. Nxd3 Rf6 19. Ne5 Raf8 20. f4 Na5 21.
Rf3 Bb5 22. Ng3 Nc4 23. Nxc4 Bxc4 24. b3 Bb5 25. a4 Be8 26. Rdf1 Bg6 27. R3f2
R8f7 28. Qe5 Qf8 29. Ne2 Bc2 30. Rf3 Be4 31. Rc3 h6 32. Rfc1 Kh7 33. g3 Qb4 34.
Qb8 Rg6 35. Qa7 Qe7 36. Rc8 Qh4 37. Qb8 Rg4 38. Rh8+ Kg6 39. Qe5 Rf6 40. Rc7
Qh3 41. f5+ Kh5 42. fxe6+ Rf5 43. Qxf5+ Bxf5 44. e7 Bg6 45. e8=Q Bxe8 46. Rxe8
Kg6 47. Ree7 Kh7 48. Nf4 Rxf4 49. Rxg7+ Kh8 50. gxf4 Qe3+ 51. Kg2 Qe4+ 52. Kg3
Qe3+ 53. Kg4 Qe6+ 54. Kh4 Qe1+ 55. Kh5 Qe2+ 56. Kxh6 Qe6+ 57. Kg5 Qe4 58. Rge7
Qg2+ 59. Kf6 1-0

[Event "Campeonato de Andalucia Juvenil"]
[Site "Hotel Bellavista, Paseo Centra"]
[Date "2011.04.17"]
[Round "3"]
[White "Gonzalez Capacete, Jose Miguel"]
[Black "Anaya Lopez, Victor Jose"]
[Result "1/2-1/2"]
[WhiteElo "1658"]
[BlackElo "2151"]
[PlyCount "37"]
[EventDate "2011.04.16"]
[EventRounds "8"]
[EventCountry "ESP"]

1. e4 c5 2. Nc3 Nc6 3. Nge2 e5 4. Nd5 d6 5. Nec3 Be6 6. g3 Nf6 7. Bg2 Be7 8.
O-O O-O 9. d3 Nd4 10. h3 b5 11. f4 exf4 12. gxf4 Nxd5 13. Nxd5 Bxd5 14. exd5
Bf6 15. Be4 b4 16. Kh1 Qd7 17. f5 Rfe8 18. Rf2 a5 19. Qg4 1/2-1/2

[Event "Campeonato de Andalucia Juvenil"]
[Site "Hotel Bellavista, Paseo Centra"]
[Date "2011.04.17"]
[Round "3"]
[White "Moncada Rios, Maria"]
[Black "Leon Acosta, Miguel"]
[Result "0-1"]
[WhiteElo "1665"]
[BlackElo "1660"]
[PlyCount "76"]
[EventDate "2011.04.16"]
[EventRounds "8"]
[EventCountry "ESP"]

1. e4 Nc6 2. Nf3 d5 3. exd5 Qxd5 4. Nc3 Qa5 5. d4 a6 6. Bc4 Bg4 7. O-O O-O-O 8.
d5 e6 9. h3 Bxf3 10. Qxf3 Ne5 11. Qf4 Nxc4 12. Qxc4 exd5 13. Qg4+ Kb8 14. Qf5
Nf6 15. Bg5 Be7 16. Rfe1 Rhe8 17. Re5 h6 18. Rae1 Qb4 19. Bxf6 gxf6 20. Rxd5
Bd6 21. Rxe8 Rxe8 22. g3 Qxb2 23. Qxf6 Qxc2 24. Rxd6 cxd6 25. Qxd6+ Ka8 26. Nd5
Re1+ 27. Kg2 Qc6 28. Qxc6 bxc6 29. Nb4 Kb7 30. f4 Re2+ 31. Kf3 Rb2 32. Nd3 Rxa2
33. Kg4 Rd2 34. Ne5 f6 35. Nc4 Rd4 36. Ne3 a5 37. Kf5 Rd3 38. Nc4 Rxg3 0-1

[Event "Campeonato de Andalucia Juvenil"]
[Site "Hotel Bellavista, Paseo Centra"]
[Date "2011.04.17"]
[Round "3"]
[White "Perera Borrego, Mariela"]
[Black "Puertas Martin, Savins"]
[Result "0-1"]
[WhiteElo "2069"]
[BlackElo "2063"]
[PlyCount "78"]
[EventDate "2011.04.16"]
[EventRounds "8"]
[EventCountry "ESP"]

1. d4 d5 2. Nf3 Nf6 3. c4 e6 4. Nc3 c6 5. Qb3 Nbd7 6. Bg5 Qa5 7. Bd2 Qb6 8. c5
Qc7 9. Rc1 e5 10. e3 Be7 11. Qc2 O-O 12. Be2 e4 13. Ng5 h6 14. Nh3 g5 15. b3
Re8 16. Na4 Nf8 17. Ng1 Ng6 18. h3 Kg7 19. Bc3 Nh7 20. Kd2 f5 21. Bh5 f4 22.
Ne2 Bf5 23. Rcf1 Nf6 24. Bxg6 Bxg6 25. Qb2 Nh5 26. Kd1 Rf8 27. Qd2 Rf7 28. Ba5
Qd7 29. Qe1 Raf8 30. Nc1 Bd8 31. Bd2 Bc7 32. Nc3 Bb8 33. Kc2 fxe3 34. Bxe3 Bf4
35. Nd1 Kg8 36. g4 Ng7 37. Ne2 Rf6 38. Kb2 b6 39. cxb6 axb6 0-1

[Event "Campeonato de Andalucia Juvenil"]
[Site "Hotel Bellavista, Paseo Centra"]
[Date "2011.04.17"]
[Round "3"]
[White "Conejo Sanchez, Rafael"]
[Black "Garcia De Lomas Guerrero, Carlo"]
[Result "0-1"]
[WhiteElo "1744"]
[BlackElo "1951"]
[PlyCount "36"]
[EventDate "2011.04.16"]
[EventRounds "8"]
[EventCountry "ESP"]

1. d4 Nf6 2. c4 c5 3. d5 b5 4. cxb5 a6 5. bxa6 Bxa6 6. Nc3 d6 7. b3 g6 8. Bb2
Bg7 9. Qc2 Qa5 10. O-O-O Nbd7 11. g3 O-O 12. Bg2 c4 13. Nf3 cxb3 14. axb3 Ng4
15. Rhf1 Bxe2 16. Nd4 Bxd1 17. Rxd1 Bxd4 18. Rxd4 Nc5 0-1

[Event "Campeonato de Andalucia Juvenil"]
[Site "Hotel Bellavista, Paseo Centra"]
[Date "2011.04.17"]
[Round "3"]
[White "Romero Lopez, Cristina"]
[Black "Vico Moreno, Antonio"]
[Result "0-1"]
[WhiteElo "1907"]
[BlackElo "1729"]
[PlyCount "70"]
[EventDate "2011.04.16"]
[EventRounds "8"]
[EventCountry "ESP"]

1. e4 e6 2. Nf3 d5 3. Nc3 dxe4 4. Nxe4 Nf6 5. Nxf6+ gxf6 6. d4 Nc6 7. c3 Bd6 8.
Bh6 f5 9. Qd2 Rg8 10. Bg5 Be7 11. Bf4 Bd6 12. Bg3 Bd7 13. Qh6 Qe7 14. Qxh7
O-O-O 15. Qh6 Rh8 16. Qe3 Bxg3 17. fxg3 Rdg8 18. Kf2 f6 19. Bc4 Qd6 20. b4 Rg4
21. Be2 f4 22. gxf4 Rxf4 23. g3 Rf5 24. Bd3 Rfh5 25. a4 Kb8 26. Bc4 e5 27. d5
Ne7 28. Rhd1 Bg4 29. h4 Rf5 30. Be2 Nxd5 31. Qe4 Qb6+ 32. Ke1 Bxf3 33. Qxf5
Qg1+ 34. Kd2 Qe3+ 35. Kc2 Be4+ 0-1

[Event "Campeonato de Andalucia Juvenil"]
[Site "Hotel Bellavista, Paseo Centra"]
[Date "2011.04.17"]
[Round "3"]
[White "Perez Tores, Juan Miguel"]
[Black "Valero Gutierrez, Alvaro"]
[Result "0-1"]
[WhiteElo "1734"]
[BlackElo "1902"]
[PlyCount "52"]
[EventDate "2011.04.16"]
[EventRounds "8"]
[EventCountry "ESP"]

1. e4 d6 2. d4 Nf6 3. f3 Nbd7 4. c4 c6 5. Nc3 e5 6. d5 Nb6 7. Bd3 Be7 8. Be3
cxd5 9. cxd5 O-O 10. Nge2 Nh5 11. Ng3 Bh4 12. Bf2 Nf4 13. O-O Nxd3 14. Qxd3 Bd7
15. Rac1 Bg5 16. Be3 Bxe3+ 17. Qxe3 Nc4 18. Qe2 Rc8 19. b3 Na3 20. Qe3 Qa5 21.
Nce2 b5 22. Qd2 Qb6+ 23. Kh1 a5 24. Qb2 b4 25. Ng1 Nb5 26. N1e2 Qa7 0-1

[Event "Campeonato de Andalucia Juvenil"]
[Site "Hotel Bellavista, Paseo Centra"]
[Date "2011.04.17"]
[Round "3"]
[White "Garcia Del Campo, Efren"]
[Black "De Dios Dorado, Ana"]
[Result "1-0"]
[WhiteElo "1885"]
[BlackElo "1711"]
[PlyCount "52"]
[EventDate "2011.04.16"]
[EventRounds "8"]
[EventCountry "ESP"]

1. e4 e5 2. Nf3 Nc6 3. Bc4 Bc5 4. d3 Nf6 5. c3 d6 6. Be3 Bb6 7. O-O O-O 8. Nbd2
Be6 9. Bb3 Qe7 10. Re1 Rad8 11. Nf1 Ng4 12. Ng3 Qd7 13. Bxb6 axb6 14. h3 Nf6
15. Bc2 Ne7 16. d4 exd4 17. Qxd4 Nc6 18. Qe3 Rfe8 19. Nd4 Nxd4 20. Qxd4 Qb5 21.
Ba4 Qxb2 22. Bxe8 Rxe8 23. Qb4 Qxb4 24. cxb4 Ra8 25. a3 d5 26. exd5 Nxd5 1-0

[Event "Campeonato de Andalucia Juvenil"]
[Site "Hotel Bellavista, Paseo Centra"]
[Date "2011.04.17"]
[Round "3"]
[White "Cribilles Perez, Carlos"]
[Black "Santos Ruiz, Miguel"]
[Result "0-1"]
[WhiteElo "1593"]
[BlackElo "1858"]
[PlyCount "23"]
[EventDate "2011.04.16"]
[EventRounds "8"]
[EventCountry "ESP"]

1. c4 b6 2. Nc3 Bb7 3. d4 e6 4. Bf4 Nf6 5. e3 Be7 6. Bd3 Bxg2 7. f3 Bxh1 8. Qe2
Nh5 9. Bg3 Bh4 10. Qf2 Bxg3 11. hxg3 f5 12. Qh2 0-1

[Event "Campeonato de Andalucia Juvenil"]
[Site "Hotel Bellavista, Paseo Centra"]
[Date "2011.04.17"]
[Round "3"]
[White "Orantes Taboada, Manuel"]
[Black "Juan Delgado, Adrian"]
[Result "1/2-1/2"]
[WhiteElo "1854"]
[BlackElo "1665"]
[PlyCount "50"]
[EventDate "2011.04.16"]
[EventRounds "8"]
[EventCountry "ESP"]

1. e4 e6 2. d4 d5 3. Nd2 dxe4 4. Nxe4 Bd7 5. Nf3 Bc6 6. Bd3 Nd7 7. O-O Ngf6 8.
Ned2 Be7 9. c4 O-O 10. b3 b6 11. Bb2 Bb7 12. Qc2 h6 13. Rad1 c5 14. Ne4 Nxe4
15. Bxe4 Bxe4 16. Qxe4 Nf6 17. Qc2 Qc7 18. Rd3 Rac8 19. Rfd1 cxd4 20. Nxd4 a6
21. Qe2 Rfd8 22. g3 Qb7 23. Qf3 Qxf3 24. Nxf3 Rxd3 25. Rxd3 Rd8 1/2-1/2

[Event "Campeonato de Andalucia Juvenil"]
[Site "Hotel Bellavista, Paseo Centra"]
[Date "2011.04.17"]
[Round "3"]
[White "Espejo Parrales, Erik"]
[Black "Anillo Fernandez, Isabel"]
[Result "1/2-1/2"]
[WhiteElo "1823"]
[BlackElo "1597"]
[PlyCount "49"]
[EventDate "2011.04.16"]
[EventRounds "8"]
[EventCountry "ESP"]

1. Nf3 d6 2. d4 f5 3. g3 Nf6 4. Bg2 g6 5. c4 Bg7 6. Nc3 O-O 7. O-O Nc6 8. Rb1
Re8 9. Bg5 e5 10. dxe5 Nxe5 11. Nxe5 Rxe5 12. Nd5 c6 13. Nxf6+ Bxf6 14. Bxf6
Qxf6 15. Qd4 Kf7 16. e3 Re6 17. Qd3 Bd7 18. Rbd1 Rae8 19. Qa3 a6 20. Rd2 Bc8
21. Rfd1 Rd8 22. f3 Qe5 23. e4 fxe4 24. fxe4 Rf6 25. h3 1/2-1/2

[Event "Campeonato de Andalucia Juvenil"]
[Site "Hotel Bellavista, Paseo Centra"]
[Date "2011.04.17"]
[Round "3"]
[White "Ucles Lirola, Moises"]
[Black "Gallardo Obregon, Alexandra"]
[Result "1-0"]
[WhiteElo "1793"]
[BlackElo "1568"]
[PlyCount "24"]
[EventDate "2011.04.16"]
[EventRounds "8"]
[EventCountry "ESP"]

1. e4 c5 2. Nf3 Nc6 3. d4 cxd4 4. Nxd4 g6 5. Nc3 Bg7 6. Be3 Nf6 7. f3 Qb6 8.
Nf5 Qxb2 9. Nxg7+ Kf8 10. Na4 Qb4+ 11. c3 Qa5 12. Bh6 Kg8 1-0

[Event "Campeonato de Andalucia Juvenil"]
[Site "Hotel Bellavista, Paseo Centra"]
[Date "2011.04.18"]
[Round "4"]
[White "Fernandez Garcia, Jose Miguel"]
[Black "Moral Garcia, Serafin"]
[Result "1/2-1/2"]
[WhiteElo "2280"]
[BlackElo "2169"]
[PlyCount "35"]
[EventDate "2011.04.16"]
[EventRounds "8"]
[EventCountry "ESP"]

1. c4 Nf6 2. Nf3 g6 3. g3 Bg7 4. Bg2 O-O 5. O-O d6 6. Nc3 c6 7. d4 Qa5 8. Qd2
Qh5 9. Qg5 Qxg5 10. Bxg5 h6 11. Bc1 Be6 12. d5 cxd5 13. Nd4 Bd7 14. Rd1 Nc6 15.
cxd5 Nxd4 16. Rxd4 Rfc8 17. Rb4 b6 18. a4 {Ilegible} 1/2-1/2

[Event "Campeonato de Andalucia Juvenil"]
[Site "Hotel Bellavista, Paseo Centra"]
[Date "2011.04.18"]
[Round "4"]
[White "Valhondo Morales, Ruben"]
[Black "Ladron De Guevara Pinto, Paolo"]
[Result "1/2-1/2"]
[WhiteElo "1963"]
[BlackElo "2280"]
[PlyCount "44"]
[EventDate "2011.04.16"]
[EventRounds "8"]
[EventCountry "ESP"]

1. e4 e6 2. d4 d5 3. Nc3 Bb4 4. Nge2 dxe4 5. a3 Be7 6. Nxe4 Nf6 7. N2c3 O-O 8.
Be3 Nxe4 9. Nxe4 f5 10. Nc3 f4 11. Bd2 Qxd4 12. Bd3 Nd7 13. Nb5 Qe5+ 14. Kf1 c6
15. Bc3 Qb8 16. Qh5 Nf6 17. Bxf6 Rxf6 18. Qxh7+ Kf8 19. Qh8+ Kf7 20. Qh5+ Kf8
21. Qh8+ Kf7 22. Qh5+ Kf8 1/2-1/2

[Event "Campeonato de Andalucia Juvenil"]
[Site "Hotel Bellavista, Paseo Centra"]
[Date "2011.04.18"]
[Round "4"]
[White "Anaya Lopez, Gonzalo Javier"]
[Black "Rioboo De Larriva, Alvaro"]
[Result "0-1"]
[WhiteElo "1988"]
[BlackElo "2210"]
[PlyCount "90"]
[EventDate "2011.04.16"]
[EventRounds "8"]
[EventCountry "ESP"]

1. e4 e6 2. d4 d5 3. Nc3 Nf6 4. exd5 exd5 5. Bd3 h6 6. Bf4 Nc6 7. Nge2 Bd6 8.
Bxd6 Qxd6 9. Qd2 Bg4 10. f3 Be6 11. O-O-O O-O-O 12. Nb5 Qd7 13. c3 a6 14. Na3
Bf5 15. Ng3 Bxd3 16. Qxd3 Rde8 17. Rhe1 Nd8 18. Nc2 Ne6 19. Qd2 Qd6 20. Re5 g6
21. Nb4 c6 22. Nd3 h5 23. Rde1 h4 24. Nf1 Nd7 25. R5e2 Kd8 26. Kc2 b6 27. Ne5
Nxe5 28. dxe5 Qc5 29. Kb1 Kc7 30. g3 Rd8 31. f4 d4 32. Rc1 dxc3 33. Qxc3 Qxc3
34. bxc3 hxg3 35. hxg3 Rd3 36. Rf2 Nc5 37. Kc2 Rh1 38. Rg2 Rf3 39. Nd2 Rxc3+
40. Kxc3 Rxc1+ 41. Kd4 Rc2 42. Ke3 Rxa2 43. Rh2 Nb3 44. Rh7 Rxd2 45. Rxf7+ Kd8
0-1

[Event "Campeonato de Andalucia Juvenil"]
[Site "Hotel Bellavista, Paseo Centra"]
[Date "2011.04.18"]
[Round "4"]
[White "Anaya Lopez, Victor Jose"]
[Black "Leon Acosta, Miguel"]
[Result "1-0"]
[WhiteElo "2151"]
[BlackElo "1660"]
[PlyCount "43"]
[EventDate "2011.04.16"]
[EventRounds "8"]
[EventCountry "ESP"]

1. e4 Nc6 2. Nf3 g6 3. d4 Bg7 4. Nc3 e5 5. d5 Nce7 6. d6 cxd6 7. Qxd6 Nf6 8.
Bg5 Qb6 9. Nb5 Qxd6 10. Nxd6+ Kf8 11. O-O-O h6 12. Bxf6 Bxf6 13. Nxc8 Rxc8 14.
Rxd7 Rb8 15. Be2 Nc6 16. Bc4 Nd8 17. Rhd1 Kg7 18. a4 Re8 19. Bd5 a6 20. b3 b5
21. a5 Rf8 22. Rd6 1-0

[Event "Campeonato de Andalucia Juvenil"]
[Site "Hotel Bellavista, Paseo Centra"]
[Date "2011.04.18"]
[Round "4"]
[White "Puertas Martin, Savins"]
[Black "Gonzalez Capacete, Jose Miguel"]
[Result "1/2-1/2"]
[WhiteElo "2063"]
[BlackElo "1658"]
[PlyCount "58"]
[EventDate "2011.04.16"]
[EventRounds "8"]
[EventCountry "ESP"]

1. e4 c5 2. Nf3 d6 3. Bb5+ Bd7 4. Bxd7+ Qxd7 5. O-O Nf6 6. Re1 e5 7. d3 Nc6 8.
Nc3 Be7 9. Bg5 Ng8 10. Bd2 Nf6 11. h3 Nd4 12. Nh2 Ne6 13. Ng4 Nc7 14. Ne3 g6
15. Rf1 Bf8 16. Qe2 Bg7 17. g4 O-O 18. b3 Rae8 19. Rae1 d5 20. exd5 Nfxd5 21.
Nexd5 Nxd5 22. Nxd5 Qxd5 23. Qe4 Rd8 24. Bc3 b6 25. Bxe5 Qxe4 26. Rxe4 Rfe8 27.
Rfe1 Rxe5 28. Rxe5 Bxe5 29. Rxe5 Rd7 1/2-1/2

[Event "Campeonato de Andalucia Juvenil"]
[Site "Hotel Bellavista, Paseo Centra"]
[Date "2011.04.18"]
[Round "4"]
[White "Perez Guerra, Alberto"]
[Black "Gutierrez Valero, Mario"]
[Result "0-1"]
[WhiteElo "1827"]
[BlackElo "2055"]
[PlyCount "96"]
[EventDate "2011.04.16"]
[EventRounds "8"]
[EventCountry "ESP"]

1. d4 Nf6 2. c4 g6 3. Nc3 Bg7 4. e4 d6 5. Nf3 O-O 6. Be2 e5 7. O-O Nc6 8. d5
Ne7 9. Ne1 Ne8 10. Nd3 f5 11. Bd2 f4 12. f3 g5 13. c5 Rf6 14. cxd6 cxd6 15. Nb5
Rh6 16. Nf2 a6 17. Nc3 Nf6 18. h3 Rg6 19. a4 h5 20. a5 Kh7 21. Na4 Nd7 22. Rc1
Ng8 23. Rc3 b5 24. axb6 Nxb6 25. Nxb6 Qxb6 26. Qc2 Bd7 27. Ra1 Nf6 28. Rb3 Qd8
29. Qd1 Kh8 30. Rba3 Qb6 31. Rb3 Qd8 32. Rba3 Qb8 33. Rb3 Qg8 34. Rb6 Bf8 35.
Rbxa6 Rxa6 36. Rxa6 g4 37. fxg4 hxg4 38. hxg4 Nxg4 39. Bxg4 Bxg4 40. Nxg4 Rxg4
41. Qf3 Qg5 42. Ra3 Rh4 43. b4 Be7 44. Qf2 Qh5 45. Rh3 Rxh3 46. gxh3 Bh4 47.
Qf1 f3 48. Kh2 f2 0-1

[Event "Campeonato de Andalucia Juvenil"]
[Site "Hotel Bellavista, Paseo Centra"]
[Date "2011.04.18"]
[Round "4"]
[White "Garcia De Lomas Guerrero, Carlo"]
[Black "Ucles Lirola, Moises"]
[Result "1-0"]
[WhiteElo "1951"]
[BlackElo "1793"]
[PlyCount "39"]
[EventDate "2011.04.16"]
[EventRounds "8"]
[EventCountry "ESP"]

1. e4 Nf6 2. e5 Nd5 3. c4 Nb6 4. c5 Nd5 5. Nc3 e6 6. Nxd5 exd5 7. d4 d6 8. cxd6
cxd6 9. Nf3 Nc6 10. Bd3 Be7 11. O-O Bg4 12. Bb5 O-O 13. Bxc6 bxc6 14. Bf4 Rb8
15. b3 Rb4 16. Qd2 a5 17. Ne1 dxe5 18. Bxe5 Bf5 19. Qc1 Bg6 20. Nf3 1-0

[Event "Campeonato de Andalucia Juvenil"]
[Site "Hotel Bellavista, Paseo Centra"]
[Date "2011.04.18"]
[Round "4"]
[White "Valero Gutierrez, Alvaro"]
[Black "Rivas Perez, Jorge"]
[Result "1-0"]
[WhiteElo "1902"]
[BlackElo "1782"]
[PlyCount "45"]
[EventDate "2011.04.16"]
[EventRounds "8"]
[EventCountry "ESP"]

1. e4 d6 2. d4 Nf6 3. Nc3 g6 4. Nf3 Bg7 5. h3 O-O 6. Be3 Nbd7 7. Qd2 e5 8.
O-O-O exd4 9. Nxd4 Nc5 10. f3 a5 11. Ndb5 Ne6 12. e5 Nh5 13. exd6 cxd6 14. Nxd6
Ng3 15. Rg1 Nxf1 16. Rgxf1 Ra6 17. Nxc8 Qxc8 18. Nd5 Qc4 19. Kb1 a4 20. Bh6
Bxh6 21. Qxh6 Ng7 22. Rfe1 a3 23. Re4 1-0

[Event "Campeonato de Andalucia Juvenil"]
[Site "Hotel Bellavista, Paseo Centra"]
[Date "2011.04.18"]
[Round "4"]
[White "Vico Moreno, Antonio"]
[Black "Garcia Del Campo, Efren"]
[Result "0-1"]
[WhiteElo "1729"]
[BlackElo "1885"]
[PlyCount "96"]
[EventDate "2011.04.16"]
[EventRounds "8"]
[EventCountry "ESP"]

1. d4 Nf6 2. c4 e6 3. Nf3 d5 4. Nc3 Be7 5. Bf4 c6 6. e3 O-O 7. Be2 Nbd7 8. O-O
Nh5 9. Bg3 Nxg3 10. hxg3 dxc4 11. Bxc4 b5 12. Bd3 a6 13. Rc1 Bb7 14. Qc2 h6 15.
Rfd1 Qb6 16. e4 Rac8 17. e5 Rfd8 18. Qe2 c5 19. dxc5 Nxc5 20. Bb1 Nd7 21. Qd3
Nf8 22. Qe2 Rxd1+ 23. Rxd1 Rd8 24. Rxd8 Qxd8 25. Qd3 Qxd3 26. Bxd3 Nd7 27. Be4
Bxe4 28. Nxe4 Nc5 29. Nxc5 Bxc5 30. Kf1 Kf8 31. Ke2 Ke7 32. b3 Kd7 33. Nd2 Kc6
34. Ne4 Kd5 35. Nxc5 Kxc5 36. Kd3 Kb4 37. Kc2 Ka3 38. Kb1 h5 39. f3 f6 40. exf6
gxf6 41. f4 e5 42. f5 a5 43. Ka1 e4 44. Kb1 e3 45. Kc2 Kxa2 46. Kd3 Kxb3 47.
Kxe3 a4 48. Kd4 a3 0-1

[Event "Campeonato de Andalucia Juvenil"]
[Site "Hotel Bellavista, Paseo Centra"]
[Date "2011.04.18"]
[Round "4"]
[White "Santos Ruiz, Miguel"]
[Black "Cano Manrique, Carlos Alberto"]
[Result "1-0"]
[WhiteElo "1858"]
[BlackElo "1754"]
[PlyCount "45"]
[EventDate "2011.04.16"]
[EventRounds "8"]
[EventCountry "ESP"]

1. e4 c5 2. Nf3 e6 3. g3 d5 4. exd5 exd5 5. Bg2 Nf6 6. O-O Be7 7. d4 O-O 8. h3
Nc6 9. Nbd2 Be6 10. dxc5 Bxc5 11. Nb3 Bb6 12. Nfd4 Rc8 13. c3 Qd7 14. Kh2 a6
15. Be3 Ba7 16. a4 Ne4 17. Bxe4 dxe4 18. Nxc6 Qxd1 19. Ne7+ Kh8 20. Rfxd1 Bxb3
21. Nxc8 Bxe3 22. Rd7 Bxf2 23. Nd6 1-0

[Event "Campeonato de Andalucia Juvenil"]
[Site "Hotel Bellavista, Paseo Centra"]
[Date "2011.04.18"]
[Round "4"]
[White "Salido Polo, Veronica"]
[Black "Moncada Rios, Maria"]
[Result "1-0"]
[WhiteElo "2019"]
[BlackElo "1665"]
[PlyCount "85"]
[EventDate "2011.04.16"]
[EventRounds "8"]
[EventCountry "ESP"]

1. e4 c5 2. Nf3 Nc6 3. d4 cxd4 4. Nxd4 g6 5. Nc3 Bg7 6. Be3 Nf6 7. Bc4 O-O 8.
Bb3 d6 9. f3 Bd7 10. Qd2 Nxd4 11. Bxd4 b5 12. a4 Qa5 13. O-O b4 14. Ne2 Be6 15.
Nc1 Rab8 16. Re1 Nd7 17. Bxg7 Kxg7 18. Bxe6 fxe6 19. Nb3 Qb6+ 20. Kh1 a5 21.
Qg5 Nc5 22. Nxc5 dxc5 23. Qxe7+ Rf7 24. Qg5 Rd7 25. Rad1 Rd4 26. Qe5+ Kg8 27.
Rxd4 cxd4 28. Rd1 Rd8 29. h3 Kf7 30. f4 Rd6 31. f5 exf5 32. exf5 gxf5 33. Qxf5+
Kg7 34. Qe5+ Kg8 35. Rf1 Re6 36. Qg5+ Rg6 37. Qe7 Qb8 38. Qf7+ Kh8 39. Qd5 Qa7
40. Qe5+ Kg8 41. Qe8+ Kg7 42. Qe5+ Kg8 43. Qe8+ 1-0

[Event "Campeonato de Andalucia Juvenil"]
[Site "Hotel Bellavista, Paseo Centra"]
[Date "2011.04.18"]
[Round "4"]
[White "Anillo Fernandez, Isabel"]
[Black "Orantes Taboada, Manuel"]
[Result "1-0"]
[WhiteElo "1597"]
[BlackElo "1854"]
[PlyCount "73"]
[EventDate "2011.04.16"]
[EventRounds "8"]
[EventCountry "ESP"]

1. e4 d6 2. d4 Nf6 3. Nc3 g6 4. f4 Bg7 5. Nf3 c5 6. d5 O-O 7. Bd3 e6 8. O-O
exd5 9. Nxd5 Nxd5 10. exd5 Bg4 11. h3 Bxf3 12. Qxf3 Nd7 13. Rb1 a6 14. a4 Re8
15. b3 Qb6 16. Kh2 Rac8 17. c4 Bd4 18. Bd2 Re7 19. Bc2 Rce8 20. Rbe1 Rxe1 21.
Rxe1 Qd8 22. Rxe8+ Qxe8 23. g4 f6 24. Be4 Kf7 25. h4 Nb6 26. f5 Qe5+ 27. Kg2
Nd7 28. fxg6+ hxg6 29. Bf4 Qe7 30. h5 gxh5 31. gxh5 Kg7 32. Qg4+ Kh8 33. Qe6
Qg7+ 34. Bg6 Be5 35. Qe8+ Nf8 36. Bd2 f5 37. Kf3 1-0

[Event "Campeonato de Andalucia Juvenil"]
[Site "Hotel Bellavista, Paseo Centra"]
[Date "2011.04.18"]
[Round "5"]
[White "Rioboo De Larriva, Alvaro"]
[Black "Anaya Lopez, Victor Jose"]
[Result "1/2-1/2"]
[WhiteElo "2210"]
[BlackElo "2151"]
[PlyCount "52"]
[EventDate "2011.04.16"]
[EventRounds "8"]
[EventCountry "ESP"]

1. e4 c5 2. Nf3 Nc6 3. c3 Nf6 4. e5 Nd5 5. Bc4 Nb6 6. Be2 d6 7. exd6 Qxd6 8.
Na3 e6 9. d4 cxd4 10. Nb5 Qd8 11. Nbxd4 Nxd4 12. Qxd4 Qxd4 13. Nxd4 a6 14. O-O
Be7 15. Bf3 O-O 16. Nb3 Nc4 17. Be2 Nd6 18. Rd1 e5 19. Be3 Be6 20. Nc5 Nc4 21.
Nxe6 Nxe3 22. Nxf8 Nxd1 23. Rxd1 Kxf8 24. Bf3 Rb8 25. Rd7 b6 26. Ra7 a5 1/2-1/2